| 000 | 00874nam a22002777a 4500 | ||
|---|---|---|---|
| 003 | CHAP | ||
| 005 | 20220329134522.0 | ||
| 008 | 971013s us a r 00010 eng d | ||
| 010 | _a21536 | ||
| 011 | _a22508 | ||
| 035 | _a26603 | ||
| 040 | _cCHAP | ||
| 090 | _aMP-9 | ||
| 245 | 0 | 4 | _aBotany of the Maya area |
| 260 |
_aWashington, Carnegie : _bInstitution of Washington, _c19- |
||
| 300 |
_av. _b: ilus. |
||
| 500 | _aLa biblioteca tiene : Miscellaneous papers 14-21, 1940. (Carnegie Institution of Washington. Publication; 522 | ||
| 590 |
_aBATCH-UPD _b10 _c20130110 _lUCH01 _h1841 |
||
| 590 |
_aBATCH-UPD _b10 _c20130410 _lUCH01 _h1212 |
||
| 590 |
_aBATCH-UPD _b10 _c20130914 _lUCH01 _h0729 |
||
| 590 |
_aCONVERSION _b10 _c20130109 _lUCH01 _h1313 |
||
| 650 | 1 | 4 |
_aBotánica _xYucatán. _914635 |
| 901 | _aBK | ||
| 942 | _cMP | ||
| 949 |
_aMP-9 _bBC _cMP _d-61261 _eMP _i26603 _si |
||
| 999 |
_c21536 _d21536 |
||